| 000 | 00746nam a22002777a 4500 | ||
|---|---|---|---|
| 001 | BR9903058 | ||
| 003 | BR-BrBNA | ||
| 005 | 20230928100436.0 | ||
| 007 | ta | ||
| 008 | 230509b bl.||||| |||| 00| 0 por d | ||
| 040 |
_aBR-BrBNA _bpor _cBiblioteca Nacional de Agricultura |
||
| 041 | _a(Por) | ||
| 072 |
_aE50 _b3800 |
||
| 090 | _ 3800 BR9903058 | ||
| 110 | 1 | _aCompanhia Souza Cruz Industria e Comercio, Rio de janeiro, RJ (Brasil) | |
| 245 | 1 | _aAgrotoxicos; informacoes para uso medico | |
| 250 | 1 | _a2. ed. | |
| 260 | 3 |
_aRio de Janeiro, RJ (Brasil): _c1998. |
|
| 300 | _a167 p. | ||
| 650 | _aSaude | ||
| 650 | _aPesticida | ||
| 650 | _aAgrotoxico | ||
| 650 | _aProfilaxia | ||
| 909 |
_a202309 _bLucia _c55 _dLucia Elande |
||
| 942 | _cBK | ||
| 999 |
_c61345 _d61345 |
||